000 00703nam a2200205 a 4500
001 000048334
005 20201002061058.0
008 190207s2016 dr 000 0 spa d
020 _a9789945167658
040 _aDO-SdBNP
_bspa
_cBNPHU
082 _bxx
245 0 0 _aInnovación interamericana en educación superior. /
_cCompiladores Patricia Gudiño, Miguel J. Escala.
260 _aSanto Domingo :
_bInnovación Educativa,
_c2016.
300 _a334 p. ;
_c22 cm.
590 _aInventariado, 2019/VM
504 _aBibliografía : p. 325-326
700 1 _aEscala, Miguel J.
_ecomp.
_917400
700 1 _aGudiño, Patricia
_ecomp.
_975752
710 2 _aOrganización Universitaria Interamericana
_975753
999 _c47822
_d47822